Premeny bankových veličín
Prezident VÚB, a.s. Bratislava Ing. Ján Gabriel o zámeroch v bankovej stratégii, smerovaní k parametrom zodpovedajúcim medzinárodnému štandardu vo sfére bankových služieb. Produkty VÚB, kompetencie na rozličných stupňoch riadenia.
Salvato in:
| Autore principale: | |
|---|---|
| Altri autori: | |
| Natura: | Capitolo di libro |
| Lingua: | slovacco |
| Soggetti: | |
| Tags: |
Nessun Tag, puoi essere il primo ad aggiungerne!!
|
MARC
| LEADER | 00000naa a2200000 4500 | ||
|---|---|---|---|
| 001 | r017077 | ||
| 005 | 20221205102016.6 | ||
| 041 | 0 | |a slo | |
| 044 | |a SK | ||
| 245 | 1 | 0 | |a Premeny bankových veličín |c J. Gabriel, Emília Herzogová |
| 520 | |a Prezident VÚB, a.s. Bratislava Ing. Ján Gabriel o zámeroch v bankovej stratégii, smerovaní k parametrom zodpovedajúcim medzinárodnému štandardu vo sfére bankových služieb. Produkty VÚB, kompetencie na rozličných stupňoch riadenia. | ||
| 610 | 2 | 0 | |a Slovensko |
| 610 | 2 | 0 | |a VÚB, a.s. Bratislava |
| 610 | 2 | 0 | |a banky |
| 610 | 2 | 0 | |a bankovníctvo |
| 610 | 2 | 0 | |a služby finančné |
| 610 | 2 | 0 | |a program menový |
| 610 | 2 | 0 | |a pracovníci vedúci |
| 100 | 1 | |a Gabriel, J. | |
| 700 | 1 | |a Herzogová, Emília | |